Statistics for MCU actors in Star Wars

Click here to take the quiz!

General Stats

  • This quiz has been taken 413 times
    (412 since last reset)
  • The average score is 6 of 11

Answer Stats

MCUStar WarsAnswer% Correct
Nick FuryMace WinduSamuel L. Jackson
97%
Jane Foster / Mighty ThorPadmé AmidalaNatalie Portman
93%
Thaddeus « Thunderbolt » RossHan SoloHarrison Ford
76%
Happy HoganRio DurantJon Favreau
57%
Jarvis / VisionDryden VosPaul Bettany
57%
Ulysses KlaueSnokeAndy Serkis
50%
Taneleer Tivan / The CollectorD.J.Benicio del Toro
43%
ZuriSaw GerreraForest Whitaker
38%
KaeciliusGalen ErsoMads Mikkelsen
35%
NakiaMaz KanataLupita Nyong'o
32%
Talos & KellerOrson KrennicBen Mendelsohn
19%

Score Distribution

Percentile by Number Answered

Percent of People with Each Score

Your Score History

You have not taken this quiz since the last reset